Red Sea countries - Statistics

General Stats
  • This quiz has been taken 445 times
  • The average score is 6 of 6
Answer Stats
Hint Answer % Correct
2 Egypt
99%
4 Saudi Arabia
97%
6 Yemen
95%
3 Eritrea
89%
1 Djibouti
86%
5 Sudan
85%
No matching quizzes found
Score Distribution
Percent of People with Each Score
Percentile by Number Answered
Your Score History
You have not taken this quiz